| 000 | 00634nam a2200229Ia 4500 | ||
|---|---|---|---|
| 003 | OSt | ||
| 005 | 20220928112638.0 | ||
| 006 | a|||||r|||| 00| 0 | ||
| 007 | ta | ||
| 008 | 220927b |||||||| |||| 00| 0 eng d | ||
| 024 | _a143857 | ||
| 037 | _cTextual | ||
| 040 |
_aSDCL _cSDCL _beng |
||
| 041 |
_2eng _aeng |
||
| 082 | _aZ(Q2)xJ61,1, 111M2 | ||
| 100 |
_aMandlik V.N. _9429067 |
||
| 245 | 0 | _aVyavahara mayukha or Hindu-law | |
| 260 |
_aNew Delhi _bAsian publication services _c1982 |
||
| 300 |
_aLxxxvii;532 _ccm. |
||
| 942 |
_hZ(Q2)xJ61,1, 111M2 _cTEXL _2CC |
||
| 999 |
_c745550 _d745550 |
||